|
|
|
|
| LEADER |
01151nta a2200253 i 4500 |
| 001 |
dokt10358 |
| 005 |
20200402071340.0 |
| 008 |
191206s2017 hu om 0|| ita d |
| 024 |
7 |
|
|a 10.14232/phd.10358
|2 doi
|
| 024 |
7 |
|
|a 30657500
|2 mtmt
|
| 040 |
|
|
|a SZTE Doktori Repozitórium
|b hun
|
| 041 |
|
|
|a ita
|
| 100 |
1 |
|
|a Takáts István
|
| 245 |
1 |
0 |
|a Il senso della storia e il ruolo della Provvidenza in Jacques-Bénigne Bossuet
|h [elektronikus dokumentum] /
|c Takáts István
|
| 246 |
1 |
0 |
|a A történelem értelme és a gondviselés szerepe Jacques-Bénigne Bossuet-nál
|h [elektronikus dokumentum]
|
| 260 |
|
|
|c 2017-02-06
|
| 502 |
|
|
|a Disszertacio
|
| 650 |
|
4 |
|a történelemtudományok
|
| 650 |
|
4 |
|a Történettudomány
|
| 700 |
0 |
1 |
|a Janssens Jos
|e ths
|
| 700 |
0 |
2 |
|a Lentiampa Shenge P. Adrien
|e ths
|
| 856 |
4 |
0 |
|u https://doktori.bibl.u-szeged.hu/id/eprint/10358/1/Takats_Dottorato_da_stampare.intero_5.pdf
|z Dokumentum-elérés
|
| 856 |
4 |
0 |
|u https://doktori.bibl.u-szeged.hu/id/eprint/10358/2/olasz_tezis_takats.i.pdf
|z Dokumentum-elérés
|
| 856 |
4 |
0 |
|u https://doktori.bibl.u-szeged.hu/id/eprint/10358/3/magyar_tezis.takats.istv%C3%A1n.pdf
|z Dokumentum-elérés
|